Guía de estudio para fundamentos de física y física parte 1 y 2
-д хадгалсан:
| Үндсэн зохиолчид: | , , , , |
|---|---|
| Формат: | Ном |
| Хэл сонгох: | испани |
| Хэвлэсэн: |
Ciudad de México
Continental
1987
|
| Нөхцлүүд: | |
| Шошгууд: |
Шошго нэмэх
Шошго байхгүй, Энэхүү баримтыг шошголох эхний хүн болох!
|
MARC
| LEADER | 00000nam a2200000 a 4500 | ||
|---|---|---|---|
| 001 | UCW1090 | ||
| 003 | CL-VaPUC | ||
| 008 | 910429e19870000MX |||||||||||||||||spa|d | ||
| 082 | 0 | 4 | |a 530.076 |b WIL |2 21 |
| 100 | 0 | |a Williams, Stanley A |e author |9 305012 | |
| 700 | 0 | |a Brownstein, Kenneth R |e author |9 305013 | |
| 700 | 0 | |a Gray, Robert L |e author |9 305014 | |
| 700 | 0 | |a Resnick, Robert |e author |9 305015 | |
| 700 | |a Halliday, David |e author |9 314172 | ||
| 245 | 1 | 0 | |a Guía de estudio para fundamentos de física y física parte 1 y 2 |
| 300 | |a 569 p | ||
| 942 | |c BK | ||
| 945 | |d 19910429 00:00:00 |a mfernand | ||
| 260 | |a Ciudad de México |b Continental |c 1987 | ||
| 650 | 7 | |a FISICA PROBLEMAS, EJERCICIOS, ETC |2 CL-VaPUC |9 260230 | |
| 583 | |a last modification |c 19910429 00:00:00 |k Rodrigo Vera | ||
| 999 | |c 216056 |d 216054 | ||
| 952 | |0 0 |1 0 |4 0 |6 530_076000000000000_WIL_1987 |7 0 |8 A |9 201465 |a BIBCUR |b BIBCUR |d 2019-11-14 |i 2686961 |o 530.076 WIL 1987 |p 2686961 |r 2025-04-22 |w 2019-11-14 |y BK |k BCB | ||
| 952 | |0 0 |1 0 |4 0 |6 530_076000000000000_WIL_1987 |7 0 |8 A |9 201466 |a BIBCUR |b BIBCUR |d 2019-11-14 |i 3491412 |o 530.076 WIL 1987 |p 3491412 |r 2025-04-22 |w 2019-11-14 |y BK |k FIS | ||